000
00278nam a22001217a 4500
082
_a
658.5 MOO
100
_a
MOORE, F.G
_9
80665
245
_a
PRODUCTION CONTROL
260
_a
NEW YORK
_b
MCGRAW HILL
_c
1959
300
_a
655P
650
_a
PRODUCTION CONTROL
_9
35803
942
_c
BK
999
_c
585562
_d
585562